| 000 | 00754nam a22001817a 4500 | ||
|---|---|---|---|
| 999 |
_c371797 _d371797 |
||
| 008 | 201127b ||||| |||| 00| 0 eng d | ||
| 040 |
_aDE-2950 _bger _cDE-2950 _erda |
||
| 041 | _ager | ||
| 245 |
_aAnsturm der Interessenten. _bImmobilien. Die Unternehmensgruppe Krebs und Schulze hat einen Plattenbau in der Frankfurter Puschkinstraße saniert und barrierefreie Senioren-Wohnungen eingebaut/ _cRené Matschkowiak |
||
| 264 | _c2022 | ||
| 653 | _aFrankfurt (Oder) | ||
| 653 | _aSeniorenwohnungen | ||
| 773 |
_dFrankfurt (Oder) Märkisches Verlags- und Druckhaus GmbH & Co KG _tMärkische Oderzeitung _g33. Jahrgang (2022) Nr. 189 vom 15 .08.2022, S. 13; Foto |
||
| 942 | _cA | ||